| 000 | 00699nam a2200205Ia 4500 | ||
|---|---|---|---|
| 005 | 20260121110023.0 | ||
| 008 | 008 260114s9999 xx 000 0 hin d | ||
| 020 | _a9788132360506 | ||
| 037 | _aEBOOK | ||
| 040 |
_aCRL _bhin _cCRL |
||
| 041 |
_ahin _2hin |
||
| 084 | _qCRL | ||
| 100 |
_aजगदीश कुमार / Jagdish Kumar _9941056 |
||
| 245 | 0 | _aजन्तु विज्ञान: आवास, गुण एवं विकास / Jantu Vigyan: Awas, Gun aur Vikas | |
| 260 |
_bभाषा प्रकाशन / Bhasha Prakashan _c2021 |
||
| 856 | _uhttps://bhashaprakashan.com/product-details/382693 | ||
| 942 | _cEBOOK | ||
| 999 |
_c1532721 _d1532721 |
||